LEADER 00648nam a2200169 i 4500 001 000000249005 003 CaOOAMICUS 005 20160428000000.0 008 160428s1847 xx u000 u fre u 013 $a227910 040 $aSeMil$bita 245 10$aBreslau-Catalogne. 300 $a792 p. 773 0 $tEncyclopédie moderne.$bNouvelle édition / publiée par mm. Firmin Didot frères ; sous la direction de m. Léon Renier.$dParis : Firmin Didot frères, 1846-1854.$g7$w()5142 850 $aSeMil 852 $aSeMil$W1$xVenegono$y1$m1D VI 7 FA$j199351$B199351$CSeMilBibl$Z2$F210784 $8I 996 $6245$aBreslau-Catalogne$9(OLS)http://semarc/title/351281 LEADER 00840nam a2200205 i 4500 001 000000255643 003 CaOOAMICUS 005 20171009000000.0 008 171009s1821 it u000 u ita u 013 $a234551 026 $aheii 7.li m.di (ano (7) 1821 (R) 040 $aSeMil$bita 245 10$aVol. 4. 300 $a496 p. 490 0 $aBiblioteca storica di tutte le nazioni 773 0 $aGiannone, Pietro <1676-1748>$tIstoria civile del Regno di Napoli di Pietro Giannone. Volume 1. [-9.].$dMilano : Per Nicolò Bettoni, 1821-1822.$kBiblioteca storica di tutte le nazioni$g4$w()16604 830 0$aBiblioteca storica di tutte le nazioni.$0(OLS)http://semarc/title/41888 850 $aSeMil 852 $aSeMil$W1$xVenegono$y1$m3V II 67 FA$j205989$B205989$CSeMilBibl$Z2$F219399 $8I 996 $6245$aVol. 4$9(OLS)http://semarc/title/108694